Biblioteca

Tres osos (Registro nro. 67821)

Detalles MARC
000 -LÍDER
Campo fijo de descripción fija 00993nam a22002777i 4500
001 - NÚMERO DE CONTROL
Campo de control BINCO
003 - IDENTIFICADOR DEL NÚMERO DE CONTROL
Campo de control CO-MdBIC
005 - FECHA Y HORA DE LA ULTIMA TRANSACCIÓN
control field 20240601224126.0
008 - ELEMENTOS DE LONGITUD FIJA -- INFORMACIÓN GENERAL
Campo fijo de descripción fija -- Información general 220427t2007 sp a|||| |||| 00| 0 spa d
020 ## - NÚMERO INTERNACIONAL NORMALIZADO PARA LIBROS
Número Internacional Normalizado del libro 9788498710014
040 ## - FUENTE DE CATALOGACIÓN
Agencia de catalogación original CO-MdBIC
Idioma de catalogación spa.
Agencia que realiza la transcripción CO-MdBIC
Agencia que realiza la modificación CO-MdBIC
041 ## - CÓDIGO DE IDIOMA
Código de idioma para texto/pista de sonido o título separado spa
082 ## - NÚMERO DE CLASIFICACIÓN DECIMAL DEWEY
Número de la edición del Dewey 23
Número de clasificación 860.8
Clave de autor-Numero de item N973
100 ## - ASIENTO PRINCIPAL--NOMBRE PERSONAL
Nombre personal Núñez, Marisa,
Fechas asociadas con el nombre 1961-
245 ## - TÍTULO
Título del Material Tres osos
Mención de responsabilidad, etc. / Marisa Núñez ; ilustrado por Minako Chiba
250 ## - MENCIÓN DE EDICIÓN
Mención de edición Primera edición
260 1# - PUBLICACIÓN, DISTRIBUCIÓN, ETC. (PIE DE IMPRENTA)
Lugar de publicación, distribución, etc. España :
Nombre del editor, distribuidor, etc. OQO,
Fecha de publicación, distribución, etc. [2007]
264 ## - PRODUCCIÓN, PUBLICACIÓN, DISTRIBUCIÓN, MANUFACTURA, Y COPYRIGHT
Fecha de producción, publicación, distribución, manufactura, o copyright © 2007
300 ## - DESCRIPCIÓN FÍSICA
Extensión 36 paginas
Otros detalles físicos ; ilustraciones a color
Dimensiones , 25 cm.
490 ## - MENCIÓN DE SERIE
Mención de serie Colección O
501 ## - NOTA DE “CON”
Nota de Contenido A partir del cuento tradicional. <br/>En una cabaña del bosque vivían tres osos. Un día los osos salieron a dar un paseo antes de desayunar; entonces Ricitos de Oro se encontró la casa vacía y entró…
650 #7 - ASIENTO SECUNDARIO DE MATERIA - TERMINO TEMÁTICO
9 (RLIN) 100
Término temático o nombre geográfico como elemento de entrada Educación infantil
650 #7 - ASIENTO SECUNDARIO DE MATERIA - TERMINO TEMÁTICO
Término temático o nombre geográfico como elemento de entrada Literatura española
9 (RLIN) 7089
700 ## - ASIENTO SECUNDARIO - NOMBRE PERSONAL
Nombre personal Chiba, Minako,
Responsabilidad ilustrador
Fechas asociadas con el nombre 1972-
942 ## - TIPO DE MATERIAL (KOHA)
Tipo de Item KOHA Z- Libro General BINCO
Existencias
Estado de Material Estado de Perdido Forma de Clasificación Estado de Dañado No para Préstamo Colección Biblioteca de Origen Biblioteca Permanente Fecha de Adquisición Total de Préstamos Signatura Topográfica Código de Barras Prestado Última vez visto Última vez Préstado Ejemplar/Existencia Fecha de Remplazo Tipo de Material
    Dewey Decimal Classification     Colección Bebes Biblioteca Infantil Comunitaria BINCO Biblioteca Infantil Comunitaria BINCO 27/04/2022 3 860.8N973 B32193 17/03/2025 03/03/2025 03/03/2025 ej.1 27/04/2022 Z- Libro General BINCO

Biblioteca FUSBC | Teléfono: (57+4) 349 88 10 Ext. 141| WhatsApp (+57) 3005338115 
E-mail: biblioteca@unisbc.edu.co | Calle 76 87-14 Robledo Palenque, Medellín, Colombia

Con tecnología Koha